| 000 | 00772nam a2200217Ia 4500 | ||
|---|---|---|---|
| 001 | 9525 | ||
| 003 | GE_BSU | ||
| 008 | 181216s||||||||xx |||||||||||||| ||und|| | ||
| 040 | _cGE_BSU | ||
| 080 | _a821.353.1–11 | ||
| 100 | _aმეგრელი,დუტუ | ||
| 245 | _aმუშები საქართველოში და შრომის გმირი ხოშტარია | ||
| 245 | _bპოემა | ||
| 260 | _aტფილისი | ||
| 260 | _bსახელგამის გამ–ბა | ||
| 260 | _c1933 | ||
| 300 | _a30გვ.15სმ. | ||
| 653 | _aმუშები საქართველოში და შრომის გმირი ხოშტარია | ||
| 653 | _aპოემა | ||
| 942 | _cBK | ||
| 999 |
_c42819 _d42819 |
||